000 00859nam a2200265Ia 4500
001 Para_5022
003 CHAP
008 220125s1936 xx 000 0 und d
010 _a203487
040 _cCHAP
090 _aPA FOLLETO 2381
100 _aKandow, K. J
_962664
245 _aFurther studies on zinc sulfate in peach sprays :
_b with limited tests in apple sprays /
_c by K. J. Kandow and H. W. Anderson
260 _aUrbana, Illinois :
_b Agricultural Experiment Station
300 _ap. 131-144
440 _aIllinois Agri Exp. Sta. Bulletin; 424
_9169301
650 _aZinc
_x Efecto en durazno Sulfato ferroso
_x Efecto en plantas
_9169302
901 _aPA FOLLETO 2381
902 _aA
905 _a0000001936 URB 0000000000 00
910 _a1936
942 _cPARA
942 _cPARA
_d1
999 _c203487
_d203487